[Event "RSA-ch U10 Girls"]
[Site "Gauteng"]
[Date "2017.04.09"]
[Round "8"]
[White "Nunnan, Yanti"]
[Black "Carney, Luzelle"]
[Result "0-1"]
[WhiteElo "861"]
[BlackElo "592"]
[PlyCount "56"]
[EventDate "2017.04.05"]
[EventType "swiss"]
[EventRounds "11"]
[EventCountry "RSA"]
[SourceTitle "CBM 177 Extra"]
[Source "ChessBase"]
[SourceDate "2017.04.27"]
[SourceVersion "1"]
[SourceVersionDate "2017.04.27"]
[SourceQuality "1"]

1. e4 e5 2. Nf3 Nc6 3. Nc3 Bc5 4. Nxe5 Bxf2+ 5. Kxf2 Nxe5 6. d4 Qf6+ 7. Ke1 Ng6 8. Bc4 N8e7 9. Be3 d6 10. Rf1 Qh4+ 11. Kd2 Bg4 12. Bxf7+ Kd7 13. Qc1 Qxh2 14. Qe1 Qxg2+ 15. Kc1 Rhf8 16. Rg1 Qh3 17. Rh1 Qf3 18. Rf1 Qg2 19. Rg1 Qh3 20. Rh1 Qg2 21. Rg1 Qh2 22. Rxg4 Rxf7 23. Rg1 Qh3 24. Rh1 Qg2 25. Rg1 Qh3 26. e5 Raf8 27. Kd2 dxe5 28. dxe5 Nxe5 0-1

[Event "RSA-ch U10 Girls"]
[Site "Gauteng"]
[Date "2017.04.06"]
[Round "2"]
[White "Carney, Luzelle"]
[Black "Bruintjies, Hailey Carla"]
[Result "0-1"]
[WhiteElo "592"]
[BlackElo "988"]
[PlyCount "32"]
[EventDate "2017.04.05"]
[EventType "swiss"]
[EventRounds "11"]
[EventCountry "RSA"]
[SourceTitle "CBM 177 Extra"]
[Source "ChessBase"]
[SourceDate "2017.04.27"]
[SourceVersion "1"]
[SourceVersionDate "2017.04.27"]
[SourceQuality "1"]

1. d4 d5 2. e3 Nf6 3. c3 Nc6 4. Nf3 Bg4 5. Be2 e6 6. 0-0 Bd6 7. h3 Bh5 8. Nbd2 0-0 9. Nb3 Ne4 10. Qe1 Qf6 11. c4 dxc4 12. Bxc4 Bxf3 13. gxf3 Qxf3 14. h4 Qg4+ 15. Kh1 Qxh4+ 16. Kg1 Qh2# 0-1

[Event "RSA-ch U10 Girls"]
[Site "Gauteng"]
[Date "2017.04.06"]
[Round "3"]
[White "Carney, Luzelle"]
[Black "Van der Walt, Lize"]
[Result "1-0"]
[WhiteElo "592"]
[BlackElo "710"]
[PlyCount "59"]
[EventDate "2017.04.05"]
[EventType "swiss"]
[EventRounds "11"]
[EventCountry "RSA"]
[SourceTitle "CBM 177 Extra"]
[Source "ChessBase"]
[SourceDate "2017.04.27"]
[SourceVersion "1"]
[SourceVersionDate "2017.04.27"]
[SourceQuality "1"]

1. d4 d5 2. Bf4 Bf5 3. e3 a6 4. Nd2 Nc6 5. c3 e6 6. Be2 Nf6 7. Ngf3 Be7 8. Qb3 b6 9. 0-0 0-0 10. Qa4 b5 11. Qb3 h6 12. a4 bxa4 13. Qxa4 Qd7 14. Ne5 Nxe5 15. Qxd7 Nexd7 16. Bxc7 Bd8 17. Bd6 Re8 18. Bb5 Ra7 19. Bxd7 Rxd7 20. Bc5 a5 21. Nb3 Rb7 22. Nxa5 Bxa5 23. Rxa5 Rxb2 24. h3 Bd3 25. Rd1 Be2 26. Rda1 Rbb8 27. Bb4 Ne4 28. f3 Nxc3 29. Bxc3 Rb1+ 30. Rxb1 1-0